Stories from the city / (Record no. 71376)

MARC details
000 -LEADER
fixed length control field 01613nam a22002177a 4500
003 - CONTROL NUMBER IDENTIFIER
control field PILC
005 - DATE AND TIME OF LATEST TRANSACTION
control field 20240126093308.0
008 - FIXED-LENGTH DATA ELEMENTS--GENERAL INFORMATION
fixed length control field 180213b1998 xxu||||| |||| 00| 0 eng d
010 ## - LIBRARY OF CONGRESS CONTROL NUMBER
LC control number Acc#30642
020 ## - INTERNATIONAL STANDARD BOOK NUMBER
International Standard Book Number 9715421946
040 ## - CATALOGING SOURCE
Transcribing agency Philippine Baptist Theological Seminary
050 ## - LIBRARY OF CONGRESS CALL NUMBER
Classification number Fil PN 1010
Item number R33 1998
100 ## - MAIN ENTRY--PERSONAL NAME
Personal name Reyes, Isabelita Orlina
Relator term author
245 ## - TITLE STATEMENT
Title Stories from the city /
Statement of responsibility, etc. Isabelita Orlina Reyes
264 ## - PRODUCTION, PUBLICATION, DISTRIBUTION, MANUFACTURE, AND COPYRIGHT NOTICE
Place of production, publication, distribution, manufacture [place of publication not identified] :
Name of producer, publisher, distributor, manufacturer University of the Philippines Press,
Date of production, publication, distribution, manufacture, or copyright notice 1998
300 ## - PHYSICAL DESCRIPTION
Extent 120 pages ;
Dimensions 23 cm
505 ## - FORMATTED CONTENTS NOTE
Formatted contents note Contents:<br/><br/>PILGRIM <br/>Saltwater blood<br/>Communion<br/>La Jolla Cove Marine, San Diego<br/>2:45 P.M., 3rd St. Promenade, Sta. Monica<br/>At Mammoth mountain, a fable<br/>The price, conversation 1<br/>The price, conversation 2<br/>The price conversation 3<br/>The price conversation 4<br/>Still between two cities<br/><br/>OF SHIFTING DREAMS<br/>Fantasy books 1<br/>Homework<br/>Fantasy books 2<br/>Death in a bright red car<br/>A fairy tale<br/>Upon returning to the university<br/>In the first semester<br/>And the semester after that<br/>Circles<br/>Reading<br/><br/>PIECES OF NIGHT<br/>Where stars fall<br/>Workshop city<br/>Dark road<br/>Waiting <br/>Graffiti<br/>Among the signs<br/>Not now<br/>Cafe<br/>Rain 1<br/>Rain 2<br/><br/>TRANSIENCE<br/>From the rooftop<br/>At night<br/>Confession<br/>Gifts<br/>Lost<br/>Boxes<br/>The company I keep<br/>What for?<br/>Everyday, for about a month now<br/>Private lessons<br/>Another series: What of you<br/><br/>BLOOD STREAMS<br/>Baby at sundown<br/>Blood ties<br/>Family secrets<br/>Still not still<br/>You were not like that<br/><br/>NEON LINES
650 ## - SUBJECT ADDED ENTRY--TOPICAL TERM
Topical term or geographic name as entry element Philippine poetry (English)
Geographic subdivision Philippines
650 ## - SUBJECT ADDED ENTRY--TOPICAL TERM
Topical term or geographic name as entry element Poetry
General subdivision Collections
942 ## - ADDED ENTRY ELEMENTS (KOHA)
Source of classification or shelving scheme Dewey Decimal Classification
Koha item type Circulation Books
Holdings
Withdrawn status Lost status Source of classification or shelving scheme Damaged status Not for loan Home library Current library Shelving location Date acquired Source of acquisition Total Checkouts Full call number Barcode Date last seen Price effective from Koha item type
    Dewey Decimal Classification     PBTS Library PBTS Library Filipiniana Section 02/13/2018 Gift   Fil PN 1010 R33 1998 30642 02/04/2026 02/13/2018 Circulation Books

Philippine Baptist Theological Seminary | 19 Tacay Road, Central Guisad, Baguio City 2600, Philippines